Wiki Halloween Picture Click Quiz Stats

 Plays Quiz Updated Oct 31, 2017

Challenge
Share
Tweet
Score 0/12 Timer 04:00
2 Plays Today
% Correct
Bonfire
98%
Jack-o'-lantern
97.6%
Candy
97.5%
Clown
97.4%
Fang
96.9%
Paranormal
96.1%
Kang and Kodos
95.8%
Skeleton
95.8%
Crypt
95.1%
Trick-or-Treating
94.1%
Mummy
93.3%
Vampire
90.4%

You're not logged in!

Compare scores with friends on all Sporcle quizzes.
OR
Log In

You Might Also Like...

Show Comments

Extras

Top Quizzes Today


Score Distribution

Your Account Isn't Verified!

In order to create a playlist on Sporcle, you need to verify the email address you used during registration. Go to your Sporcle Settings to finish the process.

Report this User

Report this user for behavior that violates our Community Guidelines.

Details: